000 00316nam a22001337a 4500
008 210305b ||||| |||| 00| 0 eng d
020 _a100465506540
041 _aeng
080 _8615
_a615
_x615
100 _a5
101 _aFAR
245 _aConcepts of Chemical Dependency
_cHarold E.Doweiko
942 _2udc
_cBK
999 _c55799
_d55799